zpět

Detail výsledku týmu

Jazz Tibet Club, Olomouc

Datum a čas kvízu

10 Celkem bodů Celkový počet nahraných bodů na tomto kvízu bez doplňovacích otázek.
10. Pořadí na kvízu Konečné umístění týmu na tomto kvízu.

Zaznamenané odpovědi

# Otázka Odpověď Body Výsledky
1. V pondělí proběhlo soudní přel... Pražský výběr 0
2. V jednom hlavním městě na jihu... v Albánii 0
3. Sedmý ročník festivalu Serial... Studna 0
4. Klienti jedné logistické spole... Zásilkovna 0
5. Čtyřčlenné mužstvo z Olomouce... C) kopání hrobů 1
6. V České republice dle zákona o... Úřad pro zahraniční styky a informace, Vojenské zpravodajství 0
7. U BIS ještě zůstaneme. Jak se... Michal Koudelka 0
8. Tajné služby USA, Spojeného kr... Five Eyes 1
9. Zpravodajské služby nebo tajná... Čeka 0
10. „Seržant Nicholas Brody se nav... Homeland / Ve jménu vlasti 0